Leaders of Largest Countries by Continent - Statistics

General Stats
  • This quiz has been taken 54 times
    33 since last reset
  • The average score is 11 of 18
Answer Stats
Hint Answer % Correct
USA Joe Biden
100%
Russia Vladimir Putin
100%
Canada Justin Trudeau
97%
China Xi Jinping
97%
United Kingdom Boris Johnson
94%
Brazil Jair Bolsonaro
90%
India Narendra Modi
84%
Germany Olaf Scholz
84%
Mexico Andres Manuel Lopez Obrador
61%
Egypt Abdel Fattah el-Sisi
58%
New Zealand Jacinda Ardern
52%
Indonesia Joko Widodo
52%
Argentina Alberto Fernandez
45%
Australia Scott Morrison
35%
Ethiopia Abiy Ahmed
26%
Colombia Ivan Duque Marquez
13%
Nigeria Muhammadu Buhari
13%
Papua New Guinea James Marape
3%
No matching quizzes found
Score Distribution
Percent of People with Each Score
Percentile by Number Answered
Your Score History
You have not taken this quiz since the last reset